02123nam a2200313 u 450000100070000000500170000700800410002402000150006503500110008003500210009104000130011204100080012508000070013308200080014010000840014824500320023225000100026426000450027430000180031949000530033750000440039052012300043465000230166465000290168765000290171665000210174565000190176665000240178524868720260506081928.0980723s1993 spa  a8476583818 a248687 a(OCoLC)433439104 ccomduadb aspa aB/ 4a32410aDubiel, Helmut,d1946-20154aut0(isni)0000 0001 0902 00650(viaf)54163137eaut10aQue es neoconservadurismo ? a1.ed. aBarcelona :bAnthropos Editorial,c1993. a149 páginas0 aAutores, Textos y Temas : Ciencias Sociales ;v4 aCompra : Libreria Sim Salabim : JUL/98.3 aEste libro considera que, no la palabra neoconservadurismo pero si lo que objetivamente designa, determinara todavia el futuro escenario politico-intelectual de las sociedades occidentales. Aunque desapareciesen las circunstancias historico-politicas bajo las cuales se desarrollo, y aun cuando despues de mucho tiempo la palabra neoconservadurismo no se usase, los problemas abiertos por ella persistirian. El libro reconstruye, por un lado, como la inteligencia cientifico-social neoconservadora "ha ocupado" los discursos politicos mas importantes en EEUU y en la antigua RFA. El exito practico-politico de su campana semantica, en los anos setenta, es visto como una confirmacion del concepto gramsciano que considera al poder politico como una consecuencia de la "hegemonia cultural". Por otro lado, la topografia politico-ideologica del neoconservadurismo es criticada desde la perspectiva de la teoria Critica del capitalismo tardio. A traves de la reinterpretacion de los conceptos de "cultura", "democracia", "igualdad", "bienestar" e "inteligencia" se dasarrolla la tesis de que solo a merced a la nueva interpretacion del concepto de "progreso" puede romperse el hechizo conservador sobre la politica actual.  aNeoconservadurismo 7aTeoría crítica2lemb 7aCultura política2lemb 7aDemocracia2lemb 7aIgualdad2lemb aEstado de bienestar